Responses for Show #6488 - Wednesday, November 28, 2012

Jason Shore game 1.

Contestants

[<< previous game]

Todd Federman, a professor and education consultant from Livingston, New Jersey

Jason Shore, a medical student from Plano, Texas

Lucas Peterson, an actor originally from Oak Park, Illinois (whose 2-day cash winnings total $33,900)

[next game >>]

Jeopardy! Round responses

THE OAKLAND "B"s
(Alex: Not the Oakland A's.)
BEASTLY MOVIE TITLES
A LIFE IN BRIEF
MYTHOLOGICAL WORDS & PHRASES
TUESDAYS
WITH MAORI
    $200 1
(Todd: Uh, what is the, um--San Francisco--what's the Golden Gate Bridge?)
(Lucas: What's the Bay? San Francisco Bay?)

the Bay Bridge

LucasTodd
Triple Stumper
    $200 3
Cat

Lucas
    $200 8
Andrew Jackson

Jason
    $200 14
Hermes

Lucas
    $200 17
John the Baptist

Jason
    $200 22
canoes

Lucas
    $400 2
(Todd: Uh, who is, uh, Brown?)
(Alex: Which one?)

Jerry Brown

Todd
    $400 5
Rooster

Lucas
    $400 9
Will Rogers

Lucas
    $400 15
(Lucas: Who is Aphrodite?)

Venus

LucasJason
    $400 24
(Alex: You're right,
with a minute to go.)

1929

Jason
    $400 23
(Lucas: What's an emu?)

a kiwi

LucasJason
    $600 4
(Jason: What is the Bronx?)
(Lucas: What is Queens?)

Brooklyn

LucasJasonTodd
    $600 13
Eagle

Jason
    $600 10
Lenin

Jason
    $600 16
the Midas touch

Lucas
    $600 25
grace

Triple Stumper
    $1,000 28
(Alex: Ceremonial [*], yes.
A war [*].)
[The end-of-round signal sounds.]

a dance

Jason
    $800 6
the Black Panthers

Lucas
    $800 20
Fish

Lucas
    $800 11
Christopher Hitchens

Jason
    $800 18
Pandora's box

Lucas
    $800 26
(Lucas: What is, uh... Inauguration Day?)

Super Tuesday

Lucas
Triple Stumper
    $1000 7
borax

Triple Stumper
    $1000 21
Rabbit

Lucas
    $1000 12
(Francisco) Franco

Lucas
    $1000 19
Penelope

Lucas
    $1000 27
Constantinople

Jason

Scores at the first commercial break (after clue 15):

Lucas Jason Todd
$1,800 $2,000 $800

Scores at the end of the Jeopardy! Round:

Lucas Jason Todd
$5,000 $5,000 $800

Double Jeopardy! Round responses

ITALIAN ART
THE LANE! THE LANE!
MORTAL MATTERS
AMERICAN LITERATURE
THE ERA OF ERAS
"TIC" "TAC" "TOE"
    $400 25
the Medicis

Todd
    $400 14
Lois Lane

Todd
    $400 8
(Todd: What is [*]?)
(Alex: Yeah, we'll give it to you. Yes.)

inter

Todd
    $400 3
Uncle Tom's Cabin

Jason
    $400 12
Antarctica

Lucas
    $400 2
mistletoe

Lucas
    $800 26
(Lucas: What is Rome?)
...
(Alex: Todd, you pick again with less than a minute to go now.)

Venice

Lucas
Triple Stumper
    $800 15
(Lucas: What's London?)

Liverpool

LucasTodd
    $800 1
a requiem

Jason
    $800 13
A Connecticut Yankee in King Arthur's Court

Todd
    $800 20
the Renaissance

Jason
    $800 4
acoustic

Jason
    $1200 29
glassblowing

Jason
    $1200 16
Nathan Lane

Lucas
    $1200 9
pallbearers

Jason
    $1200 18
Catch-22

Todd
    $1200 21
the Era of Good Feelings

Lucas
    $1200 5
(Todd: What is to toe?)

tiptoe

LucasTodd
    $3,500 30
Michelangelo

Jason
    $1600 17
Richard Gere

Triple Stumper
    $1600 10
a vigil

Jason
    $1600 19
Faulkner

Jason
    $2,000 23
the Progressive Era

Jason
    $1600 6
[Lucas gave both listed responses.]

contact lenses (contacts)

Lucas
    $2000 28
chiaroscuro

Lucas
    $2000 27
(Jason: What is Cherry Lane?)

Drury Lane

Jason
Triple Stumper
    $2000 11
a cortege

Jason
    $2000 22
The Illustrated Man

Jason
    $2000 24
the Paleozoic Era

Triple Stumper
    $2000 7
attack

Jason

Scores at the end of the Double Jeopardy! Round:

Lucas Jason Todd
$11,400 $22,900 $3,600
(lock game)

[wagering suggestions for these scores]

Final Jeopardy! Round responses

COUNTRIES
(Alex: And the country is still ruled by his descendants.)
...
(Alex: It was united by Prince Johann Adam [*], and that's the country.)
ToddWhat is Checkoslov[scribble]
$1,400
LucasWhat is Switzerland? [with a drawing of the Swiss flag]
$11,400
JasonWhat is ?
$22
Liechtenstein

Final scores:

Lucas Jason Todd
$0 $22,878 $2,200
3rd place: $1,000 New champion: $22,878 2nd place: $2,000

Game dynamics:

Coryat scores:

Lucas Jason Todd
$11,400 $20,200 $3,600
19 R,
7 W
23 R
(including 3 DDs),
2 W
8 R,
2 W

Combined Coryat: $35,200

[game clues] [game scores] [suggest correction]

Game tape date: 2012-08-28
The J! Archive is created by fans, for fans. Scraping, republication, monetization, and malicious use prohibited; this site may use cookies and collect identifying information. See terms. The Jeopardy! game show and all elements thereof, including but not limited to copyright and trademark thereto, are the property of Jeopardy Productions, Inc. and are protected under law. This website is not affiliated with, sponsored by, or operated by Jeopardy Productions, Inc. Join the discussion at JBoard.tv.